La prensa obrera en Chile: 1900-1930
Guardat en:
| Autor principal: | |
|---|---|
| Format: | Llibre |
| Idioma: | espanyol |
| Publicat: |
Santiago
Ariadna
2009
|
| Matèries: | |
| Etiquetes: |
Afegir etiqueta
Sense etiquetes, Sigues el primer a etiquetar aquest registre!
|
MARC
| LEADER | 00000cam a2200000 a 4500 | ||
|---|---|---|---|
| 001 | UCG3551 | ||
| 003 | CL-VaPUC | ||
| 008 | 100902e20090400CL |||||||||||||||||spa|d | ||
| 020 | |a 9789568416140 | ||
| 082 | 0 | 4 | |a 907.283 |b ARI |2 21 |
| 100 | 0 | |a Arias Escobedo, Osvaldo |e author |9 552769 | |
| 245 | 1 | 3 | |a La prensa obrera en Chile: 1900-1930 |
| 300 | |a 182 p | ||
| 942 | |c BK | ||
| 945 | |d 20100902 00:00:00 |a mfarfan | ||
| 260 | |a Santiago |b Ariadna |c 2009 | ||
| 650 | 0 | |a Prensa escrita |9 332803 | |
| 650 | 0 | |a Historiografía |9 257871 | |
| 650 | 0 | |a Historia de Chile siglo 20 |9 268145 | |
| 650 | 0 | |a Periódicos |9 335528 | |
| 650 | 7 | |a OBREROS |2 CL-VaPUC |9 358117 | |
| 651 | 7 | |a CHILE |2 CL-VaPUC |9 552770 | |
| 583 | |a last modification |c 20160913 09:47:02 |k Rodrigo Vera | ||
| 999 | |c 342605 |d 342603 | ||
| 952 | |0 0 |1 0 |4 0 |6 907_283000000000000_ARI_2009 |7 0 |8 A |9 438913 |a BIBCUR |b BIBCUR |d 2019-11-22 |i 4710371 |l 1 |o 907.283 ARI 2009 |p 4710371 |r 2025-04-22 |s 2024-11-29 |w 2019-11-22 |y BK |k PER | ||
| 952 | |0 0 |1 0 |4 0 |6 907_283000000000000_ARI_2009 |7 0 |8 A |9 438914 |a BIBCUR |b BIBCUR |d 2019-11-22 |i 4759877 |o 907.283 ARI 2009 |p 4759877 |r 2025-04-22 |w 2019-11-22 |y BK |k PER | ||
| 952 | |0 0 |1 0 |4 0 |6 907_283000000000000_ARI_2009 |7 0 |8 X |9 438915 |a FDOBUD |b FDOBUD |d 2019-11-22 |i 4881125 |o 907.283 ARI 2009 |p 4881125 |r 2019-11-22 |w 2019-11-22 |y BK_X |k BUD | ||